000 00506cam a22002171 4500
001 sa 64001368
003 DLC
005 20260227112002.0
008 890725s1962 ii 000 1 sano
010 _asa 64001368
035 _a(OCoLC)20065475
040 _aDLC
_cWaU
_dDLC
042 _apremarc
050 0 0 _aPK3799.U6
_bD8
100 1 _aUpadhyay, Ramji,
_d1920-
245 1 0 _aDvā suparṇā.
260 _c[1962]
300 _a2, 77 p.
_c19 cm.
500 _aIn Sanskrit.
500 _aA novel.
999 _c56708
_d56708